00777nam a22002057a 4500003000400000005001700004008004100021020001800062040002500080100003600105245010900141260004200250300003800292500007600330504003300406942001400439952008900453956001200542999001700554OSt20201030145709.0201014b 2013 dr a 00| 0 eng d a9789945465204 aDO-SdBNPbspacBNPHU1 aMartínez, J. Adarberto93874310aLa escuela que aprende : buna aproximación a la educación prefigurativa /cJ. Adarberto Martínez. aSanto Domingo :bEdiciones CP,c2013. a233 p. :bil., retrs. ; c21 cm.  aIncluye referencias bibliográficas y notas al pie de las páginas.  aBibliografía : p. 227-233  2ddccLBS1 00102ddc708MOaPDbPDd2020-10-14eLuciano M. P.l0r2020-10-14w2020-10-14yLBS1 aLOPEREZ c48871d48871